A viagem (Registo nº 3903)

Detalhes MARC
000 -Etiqueta do registo
Cabeçalho 00685nam a2200253 4500
005 - Identificador da versão
Campo de controlo 20240813122048.0
010 ## - Número internacional normalizado dos livros (ISBN)
Número (ISBN) 9727721575
021 ## - Número do Depósito Legal
Código do país PT
Número 150 044/00
100 ## - Dados gerais de processamento
Dados gerais de processamento 20190115d2000 m y0pory5003 ba
102 ## - Pais de publicação ou produção
País de publicação Portugal
101 0# - Língua de publicação
Língua do texto, banda sonora, etc. Português
215 ## - Descrição física 
Indicação específica da natureza do documento e extensão da espécie 35, [2] p.
200 1# - Titulo e menção de responsabilidade
Título próprio A viagem
Primeira menção de responsabilidade Maria do Vale Cartaxo
205 ## - Menção da edição
Menção da edição 1ª ed
210 ## - Publicação, Distribuição, etc. 
Lugar da edição, distribuição, etc. Lisboa
Nome do editor, distribuidor, etc. Colibri
Data da publicação, distribuição, etc. 2000
300 ## - Notas gerais 
Texto da nota Prémio Revelação Manuel Teixeira Gomes - 1999
606 ## - Nome comum usado como assunto
Número de registo de entrada de autoridade 0001335
Palavra de ordem Literatura portuguesa
Subdivisão de assunto Conto
Código do sistema CA
675 ## - Classificação Decimal Universal (CDU)
Notação 821.134.3-34
Edição 3ª ed.
Língua da edição por
700 #0 - Nome de autor-pessoa física (responsabilidade principal)
Número de registo de entrada de autoridade 0002056
Palavra de ordem Cartaxo
Outra parte do nome não tomada para palavra de ordem Maria do Vale
966 ## - Identificação da Biblioteca
Sigla EBVEN
942 ## - Elementos de entrada adicionados (Koha)
Tipo de item no Koha Livro
Exemplares
Situação do levantamento Origin of item (home branch) (coded) Biblioteca de empréstimo Código de barras Cota Circulation type (not for loan) Tipo de documento Nota do exemplar Damaged status
  Biblioteca Escolar das Vendas Biblioteca Escolar das Vendas BEV698 8POR CAR   Livro Sem mensagem